[Event "Bangabandhu-chT"]
[Site "Dhaka"]
[Date "2024.02.10"]
[Round "10.4"]
[White "Nayem, Haque"]
[Black "Avik, Sarker"]
[Result "1-0"]
[WhiteElo "2101"]
[BlackElo "1914"]
[PlyCount "115"]
[EventDate "2024.02.01"]
[EventType "team-tourn"]
[EventRounds "11"]
[EventCountry "BAN"]
[SourceTitle "CB07_2024"]
[SourceDate "2024.02.14"]
[SourceVersion "1"]
[SourceVersionDate "2024.02.14"]
[SourceQuality "1"]
[WhiteTeam "Bangladesh Biman"]
[BlackTeam "Sheikh Russel CC"]
[WhiteTeamCountry "BAN"]
[BlackTeamCountry "BAN"]

1. e4 e5 2. Nf3 Nf6 3. d4 Nxe4 4. Bd3 d5 5. Nxe5 Bd6 6. 0-0 0-0 7. c4 Bxe5 8. dxe5 Nc6 9. Bf4 Nb4 10. a3 Nxd3 11. Qxd3 Nc5 12. Qxd5 Qxd5 13. cxd5 Nd3 14. Bg3 Nxb2 15. Nc3 Bf5 16. Nb5 c6 17. Nd6 Bd3 18. dxc6 bxc6 19. Rfc1 Bb5 20. Rab1 Na4 21. Nxb5 cxb5 22. Rxb5 Rfc8 23. Rxc8+ Rxc8 24. h3 Nc3 25. Ra5 Ne2+ 26. Kh2 Nxg3 27. Kxg3 Rc7 28. f4 Kf8 29. Ra6 Ke7 30. Kg4 Rd7 31. Kf5 Rb7 32. h4 Rd7 33. h5 Rb7 34. g4 Rc7 35. h6 g6+ 36. Kg5 Rb7 37. Rc6 Kd7 38. Rc4 Rb6 39. Ra4 a6 40. Rd4+ Ke7 41. Rd6 f6+ 42. Rxf6 Rxf6 43. exf6+ Ke6 44. f5+ gxf5 45. f7 Kxf7 46. Kxf5 a5 47. a4 Ke7 48. Ke5 Kf7 49. Kd5 Kg6 50. Kc5 Kxh6 51. Kb5 Kg5 52. Kxa5 Kxg4 53. Kb6 h5 54. a5 h4 55. a6 h3 56. a7 Kg3 57. a8Q Kh2 58. Qf3 1-0

[Event "Asia zt 3.2"]
[Site "Dhaka"]
[Date "2023.05.10"]
[Round "9"]
[White "Avik, Sarker"]
[Black "Tutul, Dhar"]
[Result "1/2-1/2"]
[WhiteElo "1958"]
[BlackElo "1951"]
[PlyCount "109"]
[EventDate "2023.05.02"]
[EventType "swiss"]
[EventRounds "9"]
[EventCountry "BAN"]
[SourceTitle "CBM 214 Extra"]
[Source "ChessBase"]
[SourceDate "2023.07.31"]
[SourceVersion "1"]
[SourceVersionDate "2023.07.31"]
[SourceQuality "1"]

1. d4 Nf6 2. Bf4 d5 3. e3 e6 4. Nf3 c5 5. c3 Bd6 6. Bg3 Nc6 7. Nbd2 0-0 8. Bd3 b6 9. e4 Be7 10. e5 Nh5 11. Ng5 Bxg5 12. Qxh5 g6 13. Qe2 f5 14. f4 Be7 15. Nf3 a5 16. Bf2 c4 17. Bc2 b5 18. a3 b4 19. axb4 Bd7 20. bxa5 Nxa5 21. 0-0 Qb6 22. Rfb1 Nb3 23. Rxa8 Rxa8 24. Qd1 Ba4 25. Nd2 Nxd2 26. Qxd2 Bxc2 27. Qxc2 Ra2 28. Qc1 h6 29. Be3 Qb3 30. h3 Kh7 31. Kh2 h5 32. Ra1 Kg7 33. Rxa2 Qxa2 34. Qc2 Kf7 35. Bc1 Ke8 36. g4 hxg4 37. hxg4 Kd7 38. g5 Qb3 39. Qxb3 cxb3 40. Kg3 Kc6 41. Kf3 Kb5 42. Ke2 Kc4 43. Be3 Bf8 44. Bc1 Be7 45. Be3 Bd8 46. Bc1 Ba5 47. Bd2 Bd8 48. Bc1 Be7 49. Be3 Ba3 50. Bc1 Bf8 51. Be3 Be7 52. Bd2 Ba3 53. Bc1 Bf8 54. Be3 Ba3 55. Bc1 1/2-1/2

[Event "Asia zt 3.2"]
[Site "Dhaka"]
[Date "2023.05.09"]
[Round "8"]
[White "Ratan, Kumar Paul"]
[Black "Avik, Sarker"]
[Result "0-1"]
[WhiteElo "1779"]
[BlackElo "1958"]
[PlyCount "62"]
[EventDate "2023.05.02"]
[EventType "swiss"]
[EventRounds "9"]
[EventCountry "BAN"]
[SourceTitle "CBM 214 Extra"]
[Source "ChessBase"]
[SourceDate "2023.07.31"]
[SourceVersion "1"]
[SourceVersionDate "2023.07.31"]
[SourceQuality "1"]

1. e4 c6 2. d4 d5 3. exd5 cxd5 4. Bb5+ Bd7 5. Qd3 e6 6. Nf3 Bd6 7. 0-0 Ne7 8. Bg5 0-0 9. Nbd2 Nbc6 10. a3 f6 11. Bh4 e5 12. dxe5 fxe5 13. Bxe7 Nxe7 14. Bxd7 Qxd7 15. Qb3 Kh8 16. c4 e4 17. Ne1 Bf4 18. Rd1 Qc7 19. cxd5 Bxh2+ 20. Kh1 Rf6 21. g3 Rh6 22. Kg2 Qd7 23. Nxe4 Qh3+ 24. Kf3 Qxf1 25. Nd3 Rf8+ 26. Ke3 Nf5+ 27. Kd2 Qg2 28. Qb4 Re8 29. Ng5 Qxd5 30. Kc1 Nxg3 31. Ne5 Ne2+ 0-1

[Event "Asia zt 3.2"]
[Site "Dhaka"]
[Date "2023.05.07"]
[Round "6"]
[White "Jaiswal, Rupesh"]
[Black "Avik, Sarker"]
[Result "1-0"]
[WhiteElo "2145"]
[BlackElo "1958"]
[PlyCount "103"]
[EventDate "2023.05.02"]
[EventType "swiss"]
[EventRounds "9"]
[EventCountry "BAN"]
[SourceTitle "CBM 214 Extra"]
[Source "ChessBase"]
[SourceDate "2023.07.31"]
[SourceVersion "1"]
[SourceVersionDate "2023.07.31"]
[SourceQuality "1"]

1. e4 e5 2. Nf3 Nf6 3. Qe2 Nc6 4. c3 d5 5. d3 Be7 6. Bg5 0-0 7. g3 Be6 8. Bg2 Qd6 9. 0-0 dxe4 10. dxe4 Rfd8 11. Nbd2 Qd3 12. Qxd3 Rxd3 13. h3 Rad8 14. Rfe1 h6 15. Be3 R3d7 16. Bf1 Ne8 17. Nb3 a6 18. Kg2 f6 19. Nh4 Bd6 20. g4 Ne7 21. Be2 g5 22. Nf5 Nxf5 23. gxf5 Bf7 24. Na5 Rb8 25. Red1 Rdd8 26. Ba7 Ra8 27. Nxb7 Rdc8 28. Bc5 Rcb8 29. Nxd6 cxd6 30. Ba3 Rb6 31. Rd2 Rc8 32. Bb4 Kf8 33. Ba5 Rbc6 34. Bd1 Ke7 35. f3 Rb8 36. Ba4 Rc5 37. Bb4 Rcc8 38. Bxe8 Kxe8 39. Rxd6 Rd8 40. b3 Rxd6 41. Bxd6 Rc8 42. c4 Rc6 43. c5 h5 44. b4 h4 45. a4 Bc4 46. Rb1 Rc8 47. b5 axb5 48. axb5 Ra8 49. b6 Ra2+ 50. Kg1 Ba6 51. c6 Bd3 52. b7 1-0

[Event "BAN-chB 47th"]
[Site "Dhaka"]
[Date "2022.11.05"]
[Round "10"]
[White "Avik, Sarker"]
[Black "Shafiqul, Islam2222"]
[Result "0-1"]
[WhiteElo "1972"]
[BlackElo "1846"]
[PlyCount "90"]
[EventDate "2022.10.27"]
[EventType "swiss"]
[EventRounds "11"]
[EventCountry "BAN"]
[SourceTitle "EXT 2024"]
[Source "ChessBase"]
[SourceDate "2023.10.10"]
[SourceVersion "1"]
[SourceVersionDate "2023.10.10"]
[SourceQuality "1"]

1. d4 Nf6 2. Bf4 g6 3. e3 Bg7 4. Nf3 a6 5. c4 d6 6. h3 c5 7. Nc3 0-0 8. Be2 Qc7 9. 0-0 Nbd7 10. d5 Rd8 11. Qc2 Nh5 12. Bh2 Qa5 13. Nd2 Bxc3 14. Nb3 Qc7 15. Qxc3 Nhf6 16. Nd2 b5 17. b3 a5 18. Bf4 a4 19. Bh6 b4 20. Qc2 axb3 21. axb3 Bb7 22. Qb2 Rxa1 23. Rxa1 Ra8 24. g4 Ra5 25. g5 Ne8 26. f4 Bc8 27. h4 Qa7 28. Rxa5 Qxa5 29. Bd3 Qa3 30. Qb1 Ng7 31. Bxg7 Kxg7 32. h5 Nf8 33. hxg6 hxg6 34. Kf2 Bg4 35. Kg3 Bd7 36. e4 Be8 37. e5 dxe5 38. fxe5 Nd7 39. Kf4 f6 40. gxf6+ exf6 41. e6 Nf8 42. Ne4 Qa7 43. Qd1 g5+ 44. Kg3 Qb8+ 45. Kg2 Qf4 0-1

[Event "BAN-chB 47th"]
[Site "Dhaka"]
[Date "2022.11.02"]
[Round "7"]
[White "Nayem, Haque"]
[Black "Avik, Sarker"]
[Result "1/2-1/2"]
[WhiteElo "2189"]
[BlackElo "1972"]
[PlyCount "58"]
[EventDate "2022.10.27"]
[EventType "swiss"]
[EventRounds "11"]
[EventCountry "BAN"]
[SourceTitle "EXT 2024"]
[Source "ChessBase"]
[SourceDate "2023.10.10"]
[SourceVersion "1"]
[SourceVersionDate "2023.10.10"]
[SourceQuality "1"]

1. e4 e5 2. Nf3 Nf6 3. Nxe5 d6 4. Nf3 Nxe4 5. Bd3 d5 6. 0-0 Be7 7. c3 0-0 8. Re1 Nf6 9. Bc2 Bg4 10. d4 Bh5 11. Bf4 Bd6 12. Bg5 h6 13. Bh4 Nbd7 14. Nbd2 c6 15. Nf1 Qc7 16. Bg3 Rfe8 17. Ne3 Ne4 18. c4 Bxg3 19. hxg3 dxc4 20. g4 Bg6 21. Nxc4 Qf4 22. Qc1 Qxg4 23. Nce5 Nxe5 24. Nxe5 Qh4 25. Qe3 Nd6 26. Bxg6 fxg6 27. Nxg6 Rxe3 28. Nxh4 Rxe1+ 29. Rxe1 Re8 1/2-1/2

[Event "Dhaka Chowdhury Memorial op-A 2nd"]
[Site "Dhaka"]
[Date "2022.07.06"]
[Round "5"]
[White "Sadnan Hasan, Dihan"]
[Black "Avik, Sarker"]
[Result "0-1"]
[WhiteElo "2107"]
[BlackElo "2000"]
[PlyCount "158"]
[EventDate "2022.07.02"]
[EventType "swiss"]
[EventRounds "8"]
[EventCountry "BAN"]
[SourceTitle "EXT 2023"]
[Source "ChessBase"]
[SourceDate "2022.10.05"]
[SourceVersion "1"]
[SourceVersionDate "2022.10.05"]
[SourceQuality "1"]

1. b3 d5 2. Bb2 c5 3. g3 Nc6 4. f4 Nf6 5. Nf3 g6 6. Bxf6 exf6 7. e3 Bg7 8. d4 Qe7 9. Kf2 Bg4 10. c3 0-0 11. h3 Bf5 12. Bd3 Bxd3 13. Qxd3 Qe4 14. Qxe4 dxe4 15. Ne1 cxd4 16. exd4 f5 17. Nc2 Rac8 18. Rd1 b5 19. a3 Rfd8 20. Ra2 Ne7 21. Ne3 a5 22. Rad2 b4 23. c4 bxa3 24. Nxa3 Nc6 25. Nd5 a4 26. bxa4 Ra8 27. Nb5 Rxa4 28. Ne3 Na5 29. Rc2 Rb8 30. d5 Nxc4 31. Nxc4 Rxb5 32. d6 Ra8 33. d7 Rd8 34. Ke2 Rb7 35. Rcd2 Kf8 36. Na5 Rc7 37. Rd6 Ke7 38. Nc6+ Rxc6 39. Rxc6 Rxd7 40. Rxd7+ Kxd7 41. Ra6 h5 42. Ke3 Bf8 43. Kd4 Bb4 44. Ra7+ Ke6 45. Ra6+ Bd6 46. Rb6 Ke7 47. Rb3 h4 48. Kd5 Bc7 49. gxh4 Bxf4 50. Kd4 Kf6 51. Rb6+ Kg7 52. h5 Bh2 53. Ra6 Bg1+ 54. Ke5 Bh2+ 55. Kd4 gxh5 56. Ke3 Bg3 57. Rc6 Be5 58. Ra6 f6 59. Ra8 Bg3 60. Rc8 Kf7 61. Rh8 h4 62. Ra8 Ke6 63. Ra6+ Bd6 64. Kd4 Ke7 65. Ra7+ Kf8 66. Ra6 Be5+ 67. Ke3 Kf7 68. Ra7+ Kg6 69. Ra8 Bb2 70. Rg8+ Kf7 71. Rc8 Ke6 72. Rc2 Be5 73. Ra2 Kd5 74. Ra5+ Kc4 75. Ra4+ Kb3 76. Ra8 Kc4 77. Rc8+ Kd5 78. Rd8+ Bd6 79. Rh8 f4+ 0-1

[Event "Dhaka Walton op"]
[Site "Dhaka"]
[Date "2022.04.10"]
[Round "7"]
[White "Avik, Sarker"]
[Black "Ahmed, Sk Nasir"]
[Result "0-1"]
[WhiteElo "1985"]
[BlackElo "2161"]
[PlyCount "96"]
[EventDate "2022.04.04"]
[EventType "swiss"]
[EventRounds "9"]
[EventCountry "BAN"]
[SourceTitle "CBM 207 Extra"]
[Source "ChessBase"]
[SourceDate "2022.05.31"]
[SourceVersion "1"]
[SourceVersionDate "2022.05.31"]
[SourceQuality "1"]

1. d4 Nf6 2. Bf4 e6 3. e3 c5 4. c3 b6 5. Nf3 Bb7 6. Nbd2 Be7 7. h3 0-0 8. Bd3 cxd4 9. exd4 d6 10. 0-0 Nbd7 11. Qe2 a6 12. a4 Re8 13. Nc4 Nf8 14. Rfe1 Nd5 15. Bh2 Ng6 16. Bxg6 hxg6 17. Ne3 Qd7 18. Nxd5 Bxd5 19. c4 Bc6 20. b3 Qb7 21. Ra2 Rac8 22. Bg3 b5 23. axb5 axb5 24. Rc1 Ra8 25. Rca1 Rxa2 26. Rxa2 Rc8 27. Kh2 Kf8 28. Nd2 Kg8 29. Qe3 Qb6 30. Qc3 Bf6 31. c5 dxc5 32. dxc5 Qd8 33. Qc2 Qd4 34. f3 Be7 35. Ne4 Bxe4 36. Qxe4 Qxc5 37. Ra8 Bf6 38. b4 Qf8 39. Ra5 Rc4 40. Qb7 Kh7 41. Ra8 Qe7 42. Qb8 g5 43. Bd6 Qd7 44. g4 Rc8 45. Qxc8 Qxd6+ 46. f4 Qxf4+ 47. Kg2 Qe4+ 48. Kf1 Qf3+ 0-1

[Event "Dhaka Walton op"]
[Site "Dhaka"]
[Date "2022.04.06"]
[Round "3"]
[White "Abdul, Motin"]
[Black "Avik, Sarker"]
[Result "0-1"]
[WhiteElo "1916"]
[BlackElo "1985"]
[PlyCount "115"]
[EventDate "2022.04.04"]
[EventType "swiss"]
[EventRounds "9"]
[EventCountry "BAN"]
[SourceTitle "CBM 207 Extra"]
[Source "ChessBase"]
[SourceDate "2022.05.31"]
[SourceVersion "1"]
[SourceVersionDate "2022.05.31"]
[SourceQuality "1"]

1. e4 e5 2. Nf3 Nf6 3. Nxe5 d6 4. Nf3 Nxe4 5. d4 d5 6. Bd3 Bd6 7. 0-0 0-0 8. Re1 Bf5 9. c4 c6 10. Nc3 Nxc3 11. bxc3 Bxd3 12. Qxd3 dxc4 13. Qxc4 Nd7 14. Bg5 Qc7 15. Qb3 Rfe8 16. c4 h6 17. Bh4 b6 18. Re3 Bf4 19. Bg3 Rxe3 20. Qxe3 Bxg3 21. hxg3 Nf6 22. Qe5 Qd7 23. Qf4 Re8 24. Re1 Rxe1+ 25. Nxe1 Qe6 26. Qc1 Qe2 27. f3 Nh5 28. g4 Ng3 29. Nc2 Qxc4 30. Kf2 Ne2 31. Qd2 Nc3 32. a3 Nb1 33. Qe2 Qxe2+ 34. Kxe2 Nc3+ 35. Kd3 Nd5 36. Ke4 Kf8 37. f4 Ke7 38. g3 b5 39. Nb4 Nxb4 40. axb4 Kd6 41. d5 c5 42. bxc5+ Kxc5 43. Ke5 b4 44. g5 hxg5 45. fxg5 b3 46. d6 Kc6 47. g6 fxg6 48. Ke6 b2 49. d7 b1Q 50. d8Q Qf5+ 51. Ke7 Qf6+ 52. Ke8 Qxd8+ 53. Kxd8 a5 54. Ke7 a4 55. Kf7 a3 56. Kxg6 a2 57. Kxg7 a1Q+ 58. Kh6 0-1

[Event "BAN-chT 1st League"]
[Site "Dhaka"]
[Date "2022.03.18"]
[Round "9.4"]
[White "Avik, Sarker"]
[Black "Abdul, Momin"]
[Result "1/2-1/2"]
[WhiteElo "2006"]
[BlackElo "1925"]
[PlyCount "55"]
[EventDate "2022.03.10"]
[EventType "team-tourn"]
[EventRounds "11"]
[EventCountry "BAN"]
[SourceTitle "EXT 2023"]
[Source "ChessBase"]
[SourceDate "2022.10.05"]
[SourceVersion "1"]
[SourceVersionDate "2022.10.05"]
[SourceQuality "1"]
[WhiteTeam "Palli Sanchoy Bank"]
[BlackTeam "Khelaghor Daba Sangah"]
[WhiteTeamCountry "BAN"]
[BlackTeamCountry "BAN"]

1. d4 d5 2. Bf4 Nf6 3. e3 e6 4. Nf3 Nbd7 5. Bd3 c5 6. c3 b6 7. Nbd2 Bb7 8. 0-0 Be7 9. Ne5 Nxe5 10. Bxe5 0-0 11. Qf3 Nd7 12. Qh3 f5 13. Nf3 Nxe5 14. Nxe5 Bf6 15. f4 Bxe5 16. fxe5 g6 17. Qh6 Qd7 18. h4 Bc6 19. h5 Qg7 20. Qxg7+ Kxg7 21. hxg6 hxg6 22. g4 Rh8 23. gxf5 gxf5 24. Kg2 Rh4 25. Rh1 Rah8 26. Rxh4 Rxh4 27. Rh1 Rg4+ 28. Kf2 1/2-1/2

[Event "BAN-chT 1st League"]
[Site "Dhaka"]
[Date "2022.03.17"]
[Round "8.4"]
[White "Mortuza Mahathir, Islam"]
[Black "Avik, Sarker"]
[Result "0-1"]
[WhiteElo "1884"]
[BlackElo "2006"]
[PlyCount "84"]
[EventDate "2022.03.10"]
[EventType "team-tourn"]
[EventRounds "11"]
[EventCountry "BAN"]
[SourceTitle "EXT 2023"]
[Source "ChessBase"]
[SourceDate "2022.10.05"]
[SourceVersion "1"]
[SourceVersionDate "2022.10.05"]
[SourceQuality "1"]
[WhiteTeam "Mir CC"]
[BlackTeam "Palli Sanchoy Bank"]
[WhiteTeamCountry "BAN"]
[BlackTeamCountry "BAN"]

1. d4 d5 2. c4 c6 3. Nf3 Nf6 4. g3 Bg4 5. Ne5 Be6 6. Bg2 Nbd7 7. Nc3 dxc4 8. Nf3 Bd5 9. 0-0 Ne4 10. Nxd5 cxd5 11. Ng5 Nxg5 12. Bxg5 h6 13. Bd2 Nf6 14. Re1 e6 15. e4 Nxe4 16. Bxe4 dxe4 17. Qa4+ Qd7 18. Qxc4 Be7 19. Rxe4 0-0 20. Bc3 Bf6 21. Rae1 b5 22. Qb3 a5 23. a3 Rfb8 24. Bd2 Bxd4 25. Bf4 Rd8 26. Be5 Bxe5 27. Rxe5 Rab8 28. Rc1 Qd3 29. Qxd3 Rxd3 30. Rcc5 Rb3 31. a4 bxa4 32. Rxa5 R8b4 33. Ra8+ Kh7 34. Rea5 Rf3 35. Kg2 Rf5 36. f4 Rxb2+ 37. Kh3 a3 38. Rxa3 e5 39. fxe5 Rff2 40. Kg4 Kg6 41. R8a6+ f6 42. exf6 h5+ 0-1

[Event "BAN-chT 1st League"]
[Site "Dhaka"]
[Date "2022.03.15"]
[Round "6.4"]
[White "Shreshtha, Surai"]
[Black "Avik, Sarker"]
[Result "1-0"]
[WhiteElo "1669"]
[BlackElo "2006"]
[PlyCount "115"]
[EventDate "2022.03.10"]
[EventType "team-tourn"]
[EventRounds "11"]
[EventCountry "BAN"]
[SourceTitle "EXT 2023"]
[Source "ChessBase"]
[SourceDate "2022.10.05"]
[SourceVersion "1"]
[SourceVersionDate "2022.10.05"]
[SourceQuality "1"]
[WhiteTeam "Access"]
[BlackTeam "Palli Sanchoy Bank"]
[WhiteTeamCountry "BAN"]
[BlackTeamCountry "BAN"]

1. e4 e5 2. Nf3 Nf6 3. Nxe5 d6 4. Nf3 Nxe4 5. Nc3 Nxc3 6. dxc3 Be7 7. Be2 0-0 8. Be3 c5 9. Qd2 Nc6 10. c4 Be6 11. Rd1 Qa5 12. Qxa5 Nxa5 13. b3 Nc6 14. a3 h6 15. Nd2 f5 16. f4 a5 17. a4 Nb4 18. Bd3 Rad8 19. Nf3 g5 20. g3 g4 21. Nd2 Kg7 22. 0-0 h5 23. h4 b6 24. Rde1 Kf6 25. Rf2 Rfe8 26. Rfe2 Bd7 27. Nb1 d5 28. cxd5 Nxd5 29. Bc1 Bd6 30. Bc4 Nb4 31. Bb2+ Kg6 32. Kf2 Bc6 33. Re6+ Rxe6 34. Rxe6+ Kh7 35. Bf6 Rd7 36. Re8 Bd5 37. Na3 Kg6 38. Rd8 Bc6 39. Bg5 Bc7 40. Rg8+ Rg7 41. Rf8 Nd5 42. Bxd5 Bxd5 43. Rf6+ Kh7 44. Rxf5 Be4 45. Rf6 Rg8 46. Rf7+ Rg7 47. Rxg7+ Kxg7 48. Ke3 Bc6 49. Nb5 Bxb5 50. axb5 c4 51. Kd4 cxb3 52. cxb3 Bd6 53. Kd5 Bc5 54. f5 Kf7 55. Ke4 Bf2 56. Bf4 Kf6 57. Be5+ Ke7 58. Kf4 1-0

[Event "BAN-chT 1st League"]
[Site "Dhaka"]
[Date "2022.03.13"]
[Round "4.4"]
[White "Jodunath, Biswas"]
[Black "Avik, Sarker"]
[Result "1/2-1/2"]
[WhiteElo "1877"]
[BlackElo "2006"]
[PlyCount "65"]
[EventDate "2022.03.10"]
[EventType "team-tourn"]
[EventRounds "11"]
[EventCountry "BAN"]
[SourceTitle "EXT 2023"]
[Source "ChessBase"]
[SourceDate "2022.10.05"]
[SourceVersion "1"]
[SourceVersionDate "2022.10.05"]
[SourceQuality "1"]
[WhiteTeam "Sangbadik Shahnoor Khan"]
[BlackTeam "Palli Sanchoy Bank"]
[WhiteTeamCountry "BAN"]
[BlackTeamCountry "BAN"]

1. e4 e5 2. d4 exd4 3. Qxd4 Nc6 4. Qe3 Nf6 5. Bc4 Ne5 6. Bb3 Neg4 7. Qe2 Bc5 8. Nh3 0-0 9. Nc3 d6 10. Bg5 h6 11. Bh4 g5 12. Bg3 Re8 13. 0-0-0 Ne5 14. f3 Nc6 15. Bf2 Qe7 16. g4 Bb4 17. Ng1 Bxc3 18. bxc3 d5 19. h4 dxe4 20. hxg5 hxg5 21. Qe3 Nh7 22. fxe4 Qxe4 23. Bxf7+ Kxf7 24. Qxe4 Rxe4 25. Rxh7+ Kg6 26. Rxc7 Bxg4 27. Rd6+ Re6 28. Rxe6+ Bxe6 29. Ne2 Rf8 30. Bc5 Rf7 31. Rxf7 Bxf7 32. a3 b6 33. Bd6 1/2-1/2

[Event "BAN Games 9th"]
[Site "Dhaka"]
[Date "2021.04.05"]
[Round "2.2"]
[White "Avik, Sarker"]
[Black "Md Akik, Miha"]
[Result "1-0"]
[WhiteElo "2035"]
[BlackElo "1720"]
[PlyCount "154"]
[EventDate "2021.04.04"]
[EventType "team-swiss"]
[EventRounds "5"]
[EventCountry "BAN"]
[SourceTitle "CBM 202 Extra"]
[Source "ChessBase"]
[SourceDate "2021.07.31"]
[SourceVersion "1"]
[SourceVersionDate "2021.07.31"]
[SourceQuality "1"]
[WhiteTeam "Dhaka Division"]
[BlackTeam "Sylhet Division"]
[WhiteTeamCountry "BAN"]
[BlackTeamCountry "BAN"]

1. d4 e6 2. Nf3 d5 3. c4 Nf6 4. g3 Nc6 5. Bg2 Be7 6. 0-0 0-0 7. b3 h6 8. Bb2 a5 9. Ne5 Bd7 10. Nc3 Be8 11. e4 dxe4 12. Nxe4 Nxe4 13. Bxe4 Nxe5 14. dxe5 Qxd1 15. Raxd1 Rb8 16. Bd4 c5 17. Be3 b5 18. Bd3 b4 19. Be4 a4 20. Rd2 Rc8 21. Rfd1 axb3 22. axb3 Bc6 23. Bxc6 Rxc6 24. Rd7 Re8 25. Ra7 f5 26. Rdd7 Bf8 27. Kf1 Rec8 28. Ke2 Kh7 29. Bf4 Kg8 30. h4 Re8 31. h5 Rcc8 32. Be3 Rc6 33. f3 Rec8 34. g4 fxg4 35. fxg4 Re8 36. g5 Rcc8 37. gxh6 gxh6 38. Rh7 Ra8 39. Bf2 Rxa7 40. Rxa7 Rc8 41. Bh4 Bg7 42. Bf6 Bf8 43. Ke3 Rc6 44. Ke4 Rc8 45. Kf3 Rc6 46. Ke3 Rc8 47. Ke4 Rc6 48. Bd8 Rc8 49. Bc7 Be7 50. Bd6 Bd8 51. Kf3 Kh8 52. Be7 Bxe7 53. Rxe7 Rc6 54. Rd7 Ra6 55. Rd6 Ra3 56. Rxe6 Rxb3+ 57. Ke4 Rc3 58. Rxh6+ Kg7 59. Rc6 Kh7 60. Kd5 b3 61. Rb6 Re3 62. e6 Kg7 63. Kxc5 b2 64. Rxb2 Rxe6 65. Kd5 Rh6 66. Rh2 Kf7 67. c5 Ke7 68. Re2+ Kd7 69. Re5 Kc7 70. Ke4 Rf6 71. Rf5 Re6+ 72. Kf4 Re1 73. Kg5 Rg1+ 74. Kf6 Kd7 75. h6 Ke8 76. h7 Rh1 77. Kg7 Kd7 1-0